Incollable #52 - Histoire - Statistiques

Statistiques générales
  • Ce quiz a été pris 654 fois
  • Le résultat moyen est 7 sur 11
Statistiques - réponses
Niveaux Questions Réponses % Correct
CP En France, à quelle saison les plus longues vacances scolaires ont-elles lieu ? En été
100%
CE1 En huit lettres: épouse du marquis. Marquise
97%
Collège Dans la mythologie grecque, sur quel mont vivent les douze dieux majeurs ? Le Mont Olympe
79%
CM1 Au Moyen-Âge, comment appelait-on la personne chargée d’amuser le Roi ? Le bouffon
74%
Collège En quelle année Louis XVI a-t-il été guillotiné ? En 1793
71%
Lycée Qui était Roland-Garros ? Un aviateur (mort en 1918 lors d’un combat aérien)
58%
CM2 Comment appelle-t-on une succession de Rois au sein d’une même famille ? Une dynastie
58%
CM2 Comment appelle-t-on le mouvement culturel européen des XVème et XVIème siècles qui s’inspirait de l’Antiquité ? La Renaissance
57%
Lycée Quel Roi de France est mort du choléra au XIXème siècle ? Charles X (en 1836)
43%
CM1 En sept lettres: impôts sur le sel payé au Roi de France sous l’Ancien Régime. Gabelle
37%
CE2 En six lettres: taxe payée par le paysan en échange de la protection du seigneur. Taille
9%
Aucun quiz correspondant
Distribution des résultats
% des personnes avec chaque résultat
Percentile par nombre de réponses
Votre historique - résultats
Vous n’avez pas pris ce quiz